LEADER 01559nam a2200313 i 4500 001 000000124454 003 CaOOAMICUS 005 20221213114231.0 008 150820s2003 be u000 u mul u 013 $a97151 020 $a2-503-51481-2 040 $aSeMil$bita 245 10$aCorpus Christianorum 1953-2003 :$bxenium natalicium : fifty years of scholarly editing /$cedited by Johan Leemans ; with the assistance of Luc Jocqué. 260 $a[Belgique] :$bBrepols,$cstampa 2003. 300 $a373 p. :$bill. ;$c23 cm. 490 0 $aCorpus Christianorum [fuori serie] 500 $aAntologia di testi patristici e medeivali scelti tra le Series latina, Series graeca, Series Apocryphorum, Continuatio medievalis. 650 4$aCorpus christianorum - Antologia.$0(OLS)http://semarc/subject/24013 650 4$aCorpus christianorum - Storia - 1953-2003.$0(OLS)http://semarc/subject/24014 700 1 $aJocqué, Luc.$0(OLS)http://semarc/name/165 700 1 $aLeemans, Johan,$d<1965- >.$0(OLS)http://semarc/name/51719 830 0$aCorpus Christianorum [fuori serie].$0(OLS)http://semarc/title/442316 850 $aSeMil 852 $aSeMil$W1$xVenegono$y1$mSL2.E I 1$j79038$B79038$CSeMilBibl$Z2$F82089 $8I 961 $aOmaggio: Brepols 996 $6020$a2-503-51481-2$9(OLS)http://semarc/number/110252 996 $6245$aCorpus Christianorum 1953-2003 :$bxenium natalicium : fifty years of scholarly editing$9(OLS)http://semarc/title/183169 996 $6260$a[Belgique] :$bBrepols$9(OLS)http://semarc/publisher/40148 LEADER 01616nam a2200301 i 4500 001 000000195794 003 CaOOAMICUS 005 20101229000000.0 008 101229s2010 fr u000 u fre u 013 $a174474 020 $a2-85021-205-5 040 $aSeMil$bita 100 1 $aVulpillières, Sylvie : de.$0(OLS)http://semarc/name/71022 245 10$aNature et fonction des injonctions au silence dans l'Évangile de Marc /$cpar Sylvie de Vulpillières. 260 $aPendé :$bGabalda,$c2010. 300 $a340 p. ;$c24 cm. 490 0 $aÉtudes bibliques. Nouvelle série [Lecoffre] ;$v62. 500 $aTesto rivisto della tesi dottorale difesa presso la Facoltà di teologia del Centre Sèvres, Parigi, 2010. 650 4$aBibbia. Nuovo Testamento. Vangelo secondo Marco - Commentari, studi, critica, interpretazioni.$0(OLS)http://semarc/subject/143 650 4$aBibbia - NT - Vangeli sinottici - Commentari, studi, critica, interpretazioni.$0(OLS)http://semarc/subject/4722 650 4$aBibbia. Nuovo Testamento. Vangelo secondo Marco - Messianesimo.$0(OLS)http://semarc/subject/36792 830 0$aÉtudes bibliques. Nouvelle série [Gabalda ; Peeters] ;$v62.$0(OLS)http://semarc/title/275 850 $aSeMil 852 $aSeMil$W1$xVenegono$y1$m2Y V 8$j146363$B146363$CSeMilBibl$Z2$F157833 $81 961 $aSottoscrizione: Gabalda 996 $6020$a2-85021-205-5$9(OLS)http://semarc/number/187595 996 $6245$aNature et fonction des injonctions au silence dans l'Évangile de Marc$9(OLS)http://semarc/title/282602 996 $6260$aPendé :$bGabalda$9(OLS)http://semarc/publisher/31586